We need a revolution / (Record no. 4670)

MARC details
000 -LEADER
fixed length control field 01209nam a2200181 4500
001 - CONTROL NUMBER
control field 5545
005 - DATE AND TIME OF LATEST TRANSACTION
control field 20181127175738.0
020 00 - INTERNATIONAL STANDARD BOOK NUMBER
International Standard Book Number 9789381841860
090 00 - LOCALLY ASSIGNED LC-TYPE CALL NUMBER (OCLC); LOCAL CALL NUMBER (RLIN)
Classification number (OCLC) (R) ; Classification number, CALL (RLIN) (NR) FIC G2316w
100 00 - MAIN ENTRY--PERSONAL NAME
Personal name Garg, Sachin.
245 00 - TITLE STATEMENT
Title We need a revolution /
Remainder of title
Statement of responsibility, etc. Sachin Garg.
Medium
260 00 - PUBLICATION, DISTRIBUTION, ETC.
Place of publication, distribution, etc. New Delhi :
Name of publisher, distributor, etc. Grapevine India,
Date of publication, distribution, etc. n.d.
300 00 - PHYSICAL DESCRIPTION
Extent 268 p. ; 22 cm.
520 ## - SUMMARY, ETC.
Summary, etc. Shubhrodeep Shyamchaudhary is a drifter travelling across India, who has a weakness that whenever he sees some injustice happening with anybody, he cannot resist getting involved. When he reaches the Andamans, as innocent people face rapes, disease, violence and inhumane treatment, he decides to do something about it. But how much is he and his bunch of friends willing to endure? Can regular people, with regular lives, rise against all odds and stand up for their ideals? Number one bestselling author Sachin Garg brings to you a roller coaster of human relationships, love, letting go and finding the strength to bring about Revolution.
650 ## - SUBJECT ADDED ENTRY--TOPICAL TERM
Topical term or geographic name entry element Jarawa (Indic people)--Fiction.
Form subdivision
General subdivision
Chronological subdivision
Geographic subdivision
Source of heading or term
Topical term or geographic name entry element Interpersonal relations-- Fiction
General subdivision
651 ## - SUBJECT ADDED ENTRY--GEOGRAPHIC NAME
Geographic name Andaman and Nicobar Islands (India) -- Social life and customs-- Fiction.
Form subdivision
General subdivision
Chronological subdivision
Geographic subdivision
Source of heading or term
Holdings
Withdrawn status Lost status Source of classification or shelving scheme Damaged status Not for loan Collection code Home library Current library Shelving location Date acquired Serial Enumeration / chronology Inventory number Total Checkouts Total Renewals Full call number Barcode Date last seen Date last checked out Price effective from Koha item type
    Dewey Decimal Classification     Fiction RTC Library RTC Library Fiction 01/03/2021 8902 7 1 FIC 813.54 GAR 30009066 19/05/2023 21/04/2023 27/11/2018 Fiction
Royal Thimphu College || All Right Reserved